00513nam a22001457a 450000500170000001000150001702000260003203500140005803700130007208200080008524500920009326000480018527001090023330000250034220191212102503.0 aENG-127088 c400.00a9788192613222 aEN-110620 bDBAD/PUB a881 aOde to frontline formations :ced.by Damodar RaobTelangana movement poetry 2000-2001 / aHyderabadbTelangana Sahitya Samakhyac2013 aPlot No. 1, Road No. 7, Madhura Nagar, Fattula GudabBandla Guda GSI Post, Hyderabade500068k9052203843 axlv;259p.c20cm(pbk)